000
00278cam a22000977a 4500
008
180718b1961 xxu||||| |||| 00| 0 eng d
100
_a
Varma, sah Dev
245
_a
Facts & figures about 1961 census
_c
Sah Dev Varma
260
_a
New Delhi
_b
United Book Agency
_c
1961
300
_a
82p.
999
_c
502070
_d
502070